Elementos de riego tecnificado
I tiakina i:
| Kaituhi matua: | |
|---|---|
| Hōputu: | Pukapuka |
| Reo: | Pāniora |
| I whakaputaina: |
Santiago
Comisión Nacional de Riego
1996
Santiago INIA 1996 |
| Rangatū: | Cartilla Divulgativa
|
| Ngā marau: | |
| Ngā Tūtohu: |
Tāpirihia he Tūtohu
Kāore He Tūtohu, Me noho koe te mea tuatahi ki te tūtohu i tēnei pūkete!
|
MARC
| LEADER | 00000nam a2200000 a 4500 | ||
|---|---|---|---|
| 001 | UCM7855 | ||
| 003 | CL-VaPUC | ||
| 008 | 030110e19960000cl |||||||||||||||||spa|d | ||
| 082 | 0 | 4 | |a 631.587 |b OSO |2 21 |
| 100 | |a Osorio Ulloa, Alfonso |e autor |9 502456 | ||
| 245 | 1 | 0 | |a Elementos de riego tecnificado |
| 300 | |a 16 p | ||
| 942 | |c BK | ||
| 945 | |d 20030110 00:00:00 |a lriquelm | ||
| 260 | |a Santiago |b Comisión Nacional de Riego |c 1996 | ||
| 260 | |a Santiago |b INIA |c 1996 | ||
| 650 | 0 | |a Riego |9 259685 | |
| 650 | 7 | |a RIEGO TECNIFICADO |2 CL-VaPUC |9 473554 | |
| 650 | 7 | |a RIEGO PRESURIZADO |2 CL-VaPUC |9 473555 | |
| 650 | 7 | |a RIEGO - COMPONENTES |2 CL-VaPUC |9 473556 | |
| 650 | 0 | |a Fertilización |9 259681 | |
| 650 | 0 | |a Sistemas de riego |9 362150 | |
| 650 | 7 | |a ORDENACION DE AGUAS |2 CL-VaPUC |9 473557 | |
| 650 | 0 | |a Abastecimiento de agua |9 260374 | |
| 583 | |a last modification |c 20161206 11:41:05 |k Rodrigo Vera | ||
| 490 | 0 | |a Cartilla Divulgativa | |
| 999 | |c 302512 |d 302510 | ||